Stati con Grattacieli - Asia - Statistics

Statistiche generali
  • Questo quiz è stato fatto 14 volte
  • Il punteggio medio è 30 su 32
Statistiche sulle risposte
Numero grattacieli Nazione % Corretto
6 Cambogia
100%
3 152 Cina
100%
17 Corea del Nord
100%
276 Corea del Sud
100%
128 Filippine
100%
2 Georgia
100%
278 Giappone
100%
116 India
100%
135 Indonesia
100%
9 Kazakistan
100%
291 Malaysia
100%
97 Singapore
100%
130 Thailandia
100%
74 Turchia
100%
1 Turkmenistan
100%
43 Arabia Saudita
92%
335 Emirati Arabi Uniti
92%
2 Giordania
92%
19 Iran
92%
1 Iraq
92%
31 Israele
92%
17 Kuwait
92%
4 Libano
92%
52 Qatar
92%
54 Russia
92%
1 Uzbekistan
92%
40 Vietnam
92%
2 Pakistan
77%
13 Sri Lanka
77%
1 Cipro
69%
8 Azerbaigian
62%
19 Bahrein
62%
Nessun quiz corrispondente trovato
Distribuzione punteggi
Percentuale di utenti per punteggio
Percentile per numero di risposta
I tuoi punteggi nel tempo
Non hai fatto questo quiz